| 000 | 00373nam a2200133Ia 4500 | ||
|---|---|---|---|
| 005 | 20251222144905.0 | ||
| 008 | 251222s9999||||xx |||||||||||||| ||spa|| | ||
| 082 | _a658/G16 | ||
| 100 | _aGalván Escobar, José | ||
| 245 | 0 | _aTratado de Administración General | |
| 250 | _a2a.ed. | ||
| 264 | _b Escuela Superior de Administración Pública América Central | ||
| 942 | _cLIB | ||
| 999 |
_c22115 _d22115 |
||